[Event "It"]
[Site "Salona"]
[Date "1997.11.07"]
[Round "1"]
[White "Kurajica, Bojan"]
[Black "Nataf, Igor-Alexander"]
[Result "1/2-1/2"]
[WhiteElo "2545"]
[BlackElo "2440"]
[PlyCount "133"]
[EventDate "1997.11.??"]

1. Nf3 Nf6 2. g3 g6 3. b3 Bg7 4. Bb2 d6 5. d4 c5 6. Bg2 O-O 7. c4 d5 8. cxd5
Nxd5 9. Qd2 Nc6 10. O-O cxd4 11. Nxd4 Bxd4 12. Bxd4 Nf4 13. Qxf4 Qxd4 14. Qxd4
Nxd4 15. Nc3 Rb8 16. Rfd1 Nf5 17. Rac1 b5 18. e4 Ng7 19. Nd5 Rb7 20. e5 Ne6 21.
Nb4 Rd7 22. Rd5 Rc7 23. Rxc7 Nxc7 24. Rc5 Rd8 25. h4 Rd7 26. Kh2 a5 27. Nc6 a4
28. Nb8 Rd2 29. Rxc7 Be6 30. Nc6 Rxa2 31. Nxe7+ Kg7 32. bxa4 bxa4 33. Rc5 Rxf2
34. Ra5 Bc4 35. Kg1 Ra2 36. Bd5 Ra1+ 37. Kf2 Ra2+ 38. Kf3 Bb3 39. Bxb3 axb3 40.
Rb5 b2 41. Nc6 Ra6 42. Nd4 Ra5 43. Rxb2 Rxe5 44. Rb7 h5 45. Kf4 Rd5 46. Nf3 Kf6
47. Ng5 Rf5+ 48. Ke4 Kg7 49. Nf3 Rf6 50. Ne5 Rf1 51. Kd5 Rf6 52. Rb3 Re6 53.
Rb7 Rf6 54. Nc4 Rf3 55. Nd6 Kg8 56. Ke4 Rf1 57. Rb3 Kg7 58. Rf3 Re1+ 59. Kd5
Re7 60. Kc6 Ra7 61. Ne8+ Kf8 62. Nc7 Kg7 63. Kd6 Rb7 64. Re3 Ra7 65. Rf3 Ra1
66. Re3 Ra7 67. Ne8+ 1/2-1/2

[Event "It"]
[Site "Salona"]
[Date "1997.11.07"]
[Round "1"]
[White "Ljubicic, Filip"]
[Black "Dizdarevic, Emir"]
[Result "1-0"]
[WhiteElo "2395"]
[BlackElo "2555"]
[PlyCount "37"]
[EventDate "1997.11.??"]

1. e4 c6 2. d4 d5 3. Nd2 g6 4. c3 Bg7 5. Ngf3 Nh6 6. Bd3 O-O 7. O-O f6 8. Re1
Nf7 9. c4 e6 10. b3 b6 11. Ba3 Re8 12. exd5 cxd5 13. cxd5 exd5 14. Rxe8+ Qxe8
15. Qc2 Qc6 16. Rc1 Bb7 17. Nf1 Nd8 18. Qe2 Qd7 19. Rc7 1-0

[Event "It"]
[Site "Salona"]
[Date "1997.11.07"]
[Round "1"]
[White "Ward, Christian"]
[Black "Kovacevic, Vlatko"]
[Result "1/2-1/2"]
[WhiteElo "2485"]
[BlackElo "2475"]
[PlyCount "39"]
[EventDate "1997.11.??"]

1. d4 Nf6 2. c4 e6 3. Nc3 d5 4. cxd5 exd5 5. Bg5 Nbd7 6. e3 Be7 7. Qc2 a6 8.
Nf3 h6 9. Bh4 O-O 10. g4 c6 11. Bxf6 Nxf6 12. g5 hxg5 13. Nxg5 Bb4 14. Rg1 Qe7
15. O-O-O Bxc3 16. bxc3 Ne4 17. Nxe4 Bf5 18. Rg3 Bxe4 19. Bd3 f5 20. Rdg1
1/2-1/2

[Event "It"]
[Site "Salona"]
[Date "1997.11.07"]
[Round "1"]
[White "Zaja, Ivan"]
[Black "Cvorovic, Drazen"]
[Result "1-0"]
[WhiteElo "2440"]
[BlackElo "2425"]
[PlyCount "53"]
[EventDate "1997.11.??"]

1. d4 Nf6 2. c4 e6 3. Nc3 Bb4 4. e3 c5 5. Nge2 b6 6. a3 Ba5 7. Bd2 O-O 8. d5 a6
9. Ng3 exd5 10. cxd5 d6 11. Bd3 Nbd7 12. f4 b5 13. O-O Re8 14. Kh1 c4 15. Bc2
Nc5 16. f5 Bb7 17. e4 Bxc3 18. Bxc3 Nfxe4 19. Nxe4 Nxe4 20. f6 Nxf6 21. Bxf6
gxf6 22. Qh5 Re5 23. Qh6 Bxd5 24. Bxh7+ Kh8 25. Bf5+ Kg8 26. Rf4 Rxf5 27. Rh4
1-0

[Event "It"]
[Site "Salona"]
[Date "1997.11.07"]
[Round "1"]
[White "Balinov, Ilija"]
[Black "Nikolac, Jure"]
[Result "1/2-1/2"]
[WhiteElo "2560"]
[BlackElo "2470"]
[PlyCount "120"]
[EventDate "1997.11.??"]

1. e4 c5 2. Nf3 d6 3. d4 cxd4 4. Nxd4 Nf6 5. Nc3 Nc6 6. Be2 g6 7. Nb3 Bg7 8.
O-O O-O 9. Re1 a6 10. Bf1 b5 11. Bg5 h6 12. Bh4 Nd7 13. Rb1 g5 14. Bg3 Nde5 15.
Nd5 e6 16. Ne3 Bb7 17. Qh5 Qf6 18. h4 Rad8 19. Rbd1 Qg6 20. Qxg6 fxg6 21. hxg5
hxg5 22. c4 Na7 23. Nd4 Kf7 24. cxb5 axb5 25. Nxb5 Nxb5 26. Bxb5 Ke7 27. Nc4
Nf7 28. Re2 Rh8 29. f3 Rh5 30. a4 g4 31. f4 Rdh8 32. Kf2 Rh1 33. Ree1 Rxe1 34.
Rxe1 Bd4+ 35. Kf1 Rh1+ 36. Ke2 Rxe1+ 37. Bxe1 Bxe4 38. Bf2 Bc5 39. Bxc5 dxc5
40. g3 Nh6 41. Ne3 Kd6 42. Bd3 Bc6 43. Nc4+ Kd5 44. Nb6+ Kd4 45. a5 Nf5 46.
Bxf5 gxf5 47. Kd2 Bb7 48. b3 Ke4 49. Nd7 Kf3 50. Nxc5 Bd5 51. a6 Kxg3 52. a7
Kh2 53. Nxe6 g3 54. Nd4 g2 55. Ne2 Bf3 56. b4 Bxe2 57. Kxe2 g1=Q 58. a8=Q Qd4
59. Qb8 Kg3 60. b5 Qe4+ 1/2-1/2

[Event "It"]
[Site "Salona"]
[Date "1997.11.08"]
[Round "2"]
[White "Nataf, Igor-Alexander"]
[Black "Nikolac, Jure"]
[Result "1-0"]
[WhiteElo "2440"]
[BlackElo "2470"]
[PlyCount "83"]
[EventDate "1997.11.??"]

1. e4 e5 2. Nf3 Nc6 3. d4 exd4 4. Nxd4 Bc5 5. Nxc6 bxc6 6. Bd3 d6 7. Nd2 Ne7 8.
O-O Ng6 9. Nb3 Bb6 10. Re1 Qf6 11. Be3 O-O 12. Rb1 Ne5 13. f3 Bd7 14. Kh1 Bxe3
15. Rxe3 c5 16. Na5 Rab8 17. b3 Rfe8 18. Re1 Qh4 19. Bc4 Kh8 20. Bd5 h6 21. Qd2
f5 22. exf5 c6 23. Be6 Bxe6 24. fxe6 Rxe6 25. Nxc6 Rbe8 26. Nxe5 Rxe5 27. Rxe5
Rxe5 28. Rd1 Qe7 29. h3 d5 30. f4 Re2 31. Qxd5 Rxc2 32. Qf5 Rxg2 33. Rd7 Qe1+
34. Kxg2 Qe2+ 35. Kg1 Qe1+ 36. Kg2 Qe2+ 37. Kg3 Qe1+ 38. Kg4 Qe2+ 39. Kh4 Qe1+
40. Kh5 Qe8+ 41. Qf7 Qe2+ 42. Kh4 1-0

[Event "It"]
[Site "Salona"]
[Date "1997.11.08"]
[Round "2"]
[White "Cvorovic, Drazen"]
[Black "Balinov, Ilija"]
[Result "0-1"]
[WhiteElo "2425"]
[BlackElo "2560"]
[PlyCount "152"]
[EventDate "1997.11.??"]

1. e4 c5 2. Nf3 d6 3. Bb5+ Nd7 4. c3 Ngf6 5. Qe2 a6 6. Ba4 e5 7. O-O Be7 8. d4
b5 9. Bc2 O-O 10. a4 Rb8 11. dxe5 Nxe5 12. Nxe5 dxe5 13. axb5 axb5 14. c4 bxc4
15. Nc3 Be6 16. Rd1 Qc7 17. Nd5 Bxd5 18. exd5 Bd6 19. Ra6 Rb6 20. Qxc4 Ne8 21.
Qa4 Rxa6 22. Qxa6 f5 23. Qc6 Qe7 24. Bd2 e4 25. Bc3 e3 26. Rf1 g6 27. fxe3 Nf6
28. Re1 Ng4 29. h3 Ne5 30. Qa4 c4 31. Kh1 Qh4 32. Qa6 Nd3 33. Qxd6 Nxe1 34.
Qe6+ Rf7 35. Ba4 Qf2 36. Bxe1 Qxe1+ 37. Kh2 f4 38. exf4 Qxe6 39. dxe6 Rb7 40.
Bc6 Rc7 41. e7 Rxe7 42. Bd5+ Kg7 43. Bxc4 Re4 44. b3 Rxf4 45. Kg3 g5 46. Kh2
Kf6 47. Kg3 h6 48. Kh2 Ke5 49. Kg3 Kd4 50. Bg8 Ke3 51. Bc4 Rd4 52. Bg8 Ke2 53.
Bc4+ Ke3 54. Bf7 Rd2 55. Bc4 Rc2 56. Bf7 Rc7 57. Bc4 Rd7 58. Bb5 Rd2 59. Bc4
Ke4 60. Bf7 Ke5 61. Bc4 h5 62. Bf7 Rd3+ 63. Kf2 g4 64. Bxh5 g3+ 65. Ke2 Rxb3
66. Bf3 Kd4 67. Bh5 Re3+ 68. Kd2 Re5 69. Bg6 Re6 70. Bh5 Rf6 71. Ke1 Ke3 72.
Be8 Rf2 73. Bc6 Rc2 74. Bf3 Rc1+ 75. Bd1 Rb1 76. h4 Rb4 0-1

[Event "It"]
[Site "Salona"]
[Date "1997.11.08"]
[Round "2"]
[White "Kovacevic, Vlatko"]
[Black "Zaja, Ivan"]
[Result "1/2-1/2"]
[WhiteElo "2475"]
[BlackElo "2440"]
[PlyCount "88"]
[EventDate "1997.11.??"]

1. c4 b6 2. Nf3 Bb7 3. e3 g6 4. Nc3 Bg7 5. b4 Nf6 6. Rb1 O-O 7. d4 Ne4 8. Nxe4
Bxe4 9. Bd3 Bxd3 10. Qxd3 d5 11. O-O c6 12. e4 dxc4 13. Qxc4 b5 14. Qc2 a5 15.
Bd2 axb4 16. Bxb4 Qd7 17. Rfd1 Rc8 18. Qb3 Na6 19. Be1 Nc7 20. Ng5 Qe8 21. Rbc1
h6 22. Nf3 Ne6 23. g3 c5 24. dxc5 Nxc5 25. Qe3 Ne6 26. Rxc8 Qxc8 27. Rc1 Qb7
28. Rc2 Ra4 29. e5 Re4 30. Qc1 Kh7 31. Bd2 Qd5 32. Be3 Ra4 33. Kg2 Rxa2 34.
Rxa2 Qxa2 35. Qc6 Qc4 36. Qe8 g5 37. h3 b4 38. Kh2 Nc7 39. Qxe7 Nd5 40. Qxf7
Nxe3 41. e6 Qf1 42. fxe3 Qf2+ 43. Kh1 Qf1+ 44. Kh2 Qf2+ 1/2-1/2

[Event "It"]
[Site "Salona"]
[Date "1997.11.08"]
[Round "2"]
[White "Dizdarevic, Emir"]
[Black "Ward, Christian"]
[Result "1-0"]
[WhiteElo "2555"]
[BlackElo "2485"]
[PlyCount "81"]
[EventDate "1997.11.??"]

1. Nf3 c5 2. b3 d6 3. c4 e5 4. Nc3 g6 5. g3 Bg7 6. Rb1 f5 7. Bg2 Nc6 8. O-O
Nge7 9. a3 O-O 10. Ne1 Rb8 11. Nc2 f4 12. b4 Be6 13. d3 Qd7 14. Ne4 cxb4 15.
Nxb4 Bh3 16. Nxc6 Nxc6 17. Bb2 Bxg2 18. Kxg2 d5 19. cxd5 Qxd5 20. Rc1 h6 21.
Rc5 Qe6 22. Qa4 Rf7 23. Qb5 a6 24. Qb6 Nd4 25. Qxe6 Nxe6 26. Rd5 Nd4 27. Bxd4
exd4 28. Rb1 fxg3 29. hxg3 Rc8 30. a4 Rc2 31. Kf1 Rfc7 32. Rd8+ Kf7 33. Rb6
R2c6 34. Rxc6 bxc6 35. Ra8 Bf8 36. Rxa6 c5 37. Nd2 Rb7 38. Nc4 Rb1+ 39. Kg2 g5
40. g4 Ra1 41. a5 1-0

[Event "It"]
[Site "Salona"]
[Date "1997.11.08"]
[Round "2"]
[White "Kurajica, Bojan"]
[Black "Ljubicic, Filip"]
[Result "1-0"]
[WhiteElo "2545"]
[BlackElo "2395"]
[PlyCount "79"]
[EventDate "1997.11.??"]

1. d4 Nf6 2. Nf3 g6 3. g3 Bg7 4. Bg2 O-O 5. O-O d6 6. c4 Nc6 7. d5 Na5 8. Nbd2
c5 9. e4 Ng4 10. h3 Nh6 11. Rb1 e5 12. dxe6 fxe6 13. Nb3 Nf7 14. Nxa5 Qxa5 15.
Qb3 Qc7 16. Rd1 Bd7 17. Qc2 a6 18. a4 Bc6 19. b3 Qe7 20. Be3 b6 21. Nh2 Rad8
22. Rd2 Bb7 23. h4 Ne5 24. Bg5 Bf6 25. Bxf6 Qxf6 26. f4 Nc6 27. Rf1 Nd4 28. Qd3
Qg7 29. Ng4 e5 30. Rdf2 exf4 31. gxf4 Bc8 32. Nh2 Rfe8 33. Kh1 Qh6 34. Qg3 Kh8
35. Re1 Nf5 36. Qc3+ Qg7 37. Qd3 Bb7 38. Qh3 Qf6 39. h5 gxh5 40. e5 1-0

[Event "It"]
[Site "Salona"]
[Date "1997.11.09"]
[Round "3"]
[White "Ljubicic, Filip"]
[Black "Nataf, Igor-Alexander"]
[Result "0-1"]
[WhiteElo "2395"]
[BlackElo "2440"]
[PlyCount "75"]
[EventDate "1997.11.??"]

1. e4 Nf6 2. e5 Nd5 3. d4 d6 4. Nf3 dxe5 5. Nxe5 Nd7 6. Nxf7 Kxf7 7. Qh5+ Ke6
8. c4 N5f6 9. d5+ Kd6 10. c5+ Nxc5 11. Bf4+ Kd7 12. Bb5+ c6 13. dxc6+ bxc6 14.
Qxc5 Qb6 15. Qxb6 axb6 16. Be2 Nd5 17. Bd2 Ba6 18. Nc3 e6 19. Bxa6 Rxa6 20. O-O
Bc5 21. Nxd5 exd5 22. Bc3 Be7 23. Bd4 Bf6 24. Rfd1 Re8 25. Kf1 b5 26. Bxf6 gxf6
27. Rd4 Ra4 28. Rxa4 bxa4 29. Rd1 Kd6 30. Rd3 c5 31. Rf3 c4 32. Rxf6+ Kc5 33.
Rf7 a3 34. bxa3 c3 35. Rc7+ Kd4 36. f4 Kd3 37. f5 c2 38. f6 0-1

[Event "It"]
[Site "Salona"]
[Date "1997.11.09"]
[Round "3"]
[White "Ward, Christian"]
[Black "Kurajica, Bojan"]
[Result "0-1"]
[WhiteElo "2485"]
[BlackElo "2545"]
[PlyCount "70"]
[EventDate "1997.11.??"]

1. d4 Nf6 2. c4 e6 3. Nc3 Bb4 4. g3 c6 5. Qb3 Ba5 6. Bg2 d5 7. Nf3 Qb6 8. O-O
O-O 9. Qc2 Qa6 10. Ne5 Nbd7 11. f4 dxc4 12. Kh1 b5 13. Nxc6 Bb7 14. Ne5 Bxg2+
15. Kxg2 Qb7+ 16. Rf3 Rfd8 17. a3 Nf8 18. Be3 Ng6 19. h3 Ne7 20. g4 Bxc3 21.
bxc3 Nfd5 22. Bd2 f6 23. e4 Nb6 24. Raf1 fxe5 25. fxe5 Ng6 26. Kg3 Rf8 27. Qb1
h6 28. h4 Rxf3+ 29. Rxf3 Nd7 30. h5 Ngxe5 31. dxe5 Nxe5 32. Rf1 Rd8 33. Bf4
Rd3+ 34. Kh4 g5+ 35. hxg6 Nxg6+ 0-1

[Event "It"]
[Site "Salona"]
[Date "1997.11.09"]
[Round "3"]
[White "Zaja, Ivan"]
[Black "Dizdarevic, Emir"]
[Result "1-0"]
[WhiteElo "2440"]
[BlackElo "2555"]
[PlyCount "91"]
[EventDate "1997.11.??"]

1. d4 e6 2. e4 d5 3. Nc3 dxe4 4. Nxe4 Nd7 5. Nf3 Ngf6 6. Nxf6+ Nxf6 7. Bd3 b6
8. Qe2 Bb7 9. Bf4 Nd5 10. Be5 Bd6 11. O-O-O Nf4 12. Bb5+ Kf8 13. Bxf4 Bxf4+ 14.
Kb1 g6 15. Rhe1 Kg7 16. g3 Bxf3 17. Qxf3 Bd6 18. Bc6 Rb8 19. Qe4 b5 20. f4 Qf6
21. Rf1 h5 22. Rd3 Rb6 23. Rb3 a6 24. h4 Rd8 25. Rd3 Bf8 26. d5 exd5 27. Bxd5
Rbd6 28. Rfd1 c5 29. c3 c4 30. Rd4 R8d7 31. Qf3 Kh8 32. g4 hxg4 33. Qxg4 Bg7
34. h5 Qf5+ 35. Qxf5 gxf5 36. Bc6 Rxd4 37. Rxd4 Rxd4 38. cxd4 Bxd4 39. Bb7 c3
40. b4 a5 41. bxa5 b4 42. a6 Kg7 43. Kc2 Kf8 44. Bf3 Ke7 45. Bd1 Kd6 46. Kd3
1-0

[Event "It"]
[Site "Salona"]
[Date "1997.11.09"]
[Round "3"]
[White "Balinov, Ilija"]
[Black "Kovacevic, Vlatko"]
[Result "0-1"]
[WhiteElo "2560"]
[BlackElo "2475"]
[PlyCount "77"]
[EventDate "1997.11.??"]

1. e4 e6 2. d4 d5 3. Nc3 Nc6 4. Nf3 Nf6 5. e5 Ne4 6. Bd3 Nxc3 7. bxc3 h6 8. O-O
b6 9. Nd2 Bb7 10. a4 Qd7 11. f4 g6 12. Nb3 a5 13. Qe2 Na7 14. Be3 h5 15. c4
dxc4 16. Bxc4 h4 17. h3 Nc8 18. Bb5 Bc6 19. d5 Bxb5 20. axb5 Qxd5 21. Rad1 Qb7
22. Nd4 Na7 23. Nxe6 fxe6 24. Qd3 c6 25. bxc6 Nxc6 26. Qxg6+ Qf7 27. Qe4 Rc8
28. f5 exf5 29. Rxf5 Qh7 30. Bg5 Be7 31. Bxe7 Nxe7 32. Qa4+ Rc6 33. Rdf1 Qg6
34. R5f2 Rg8 35. Qd4 Rxc2 36. g4 Rxf2 37. Rxf2 Qb1+ 38. Kg2 Qb4 39. Qd3 0-1

[Event "It"]
[Site "Salona"]
[Date "1997.11.10"]
[Round "4"]
[White "Nataf, Igor-Alexander"]
[Black "Cvorovic, Drazen"]
[Result "1-0"]
[WhiteElo "2440"]
[BlackElo "2425"]
[PlyCount "65"]
[EventDate "1997.11.??"]

1. e4 c6 2. d4 d5 3. e5 Bf5 4. Nc3 Qb6 5. Bd3 Bxd3 6. Qxd3 e6 7. Nge2 c5 8.
dxc5 Bxc5 9. O-O Ne7 10. b4 Qxb4 11. Nb5 Qa5 12. Be3 a6 13. Rab1 axb5 14. Bxc5
Nbc6 15. Rxb5 Qc7 16. Bd6 Qd7 17. Rfb1 Nd8 18. Rc5 Ndc6 19. Qb3 Na5 20. Qa3
Nec6 21. Nc3 f6 22. Nb5 fxe5 23. Nc7+ Kf7 24. Qf3+ Kg8 25. Nxa8 Qxd6 26. Rcb5
e4 27. Qg3 Qd8 28. Nb6 h6 29. Qg6 e3 30. fxe3 Nc4 31. Qxe6+ Kh7 32. Qf5+ Kg8
33. Rxd5 1-0

[Event "It"]
[Site "Salona"]
[Date "1997.11.10"]
[Round "4"]
[White "Kovacevic, Vlatko"]
[Black "Nikolac, Jure"]
[Result "1-0"]
[WhiteElo "2475"]
[BlackElo "2470"]
[PlyCount "81"]
[EventDate "1997.11.??"]

1. Nf3 g6 2. d4 Bg7 3. c3 Nf6 4. Bg5 h6 5. Bh4 d6 6. Nbd2 g5 7. Bg3 Bf5 8. e3
Nbd7 9. a4 c6 10. a5 Nh5 11. e4 Bg6 12. Bd3 Qc7 13. Qe2 e5 14. Nc4 O-O-O 15.
dxe5 dxe5 16. O-O-O Kb8 17. Bc2 Nf4 18. Bxf4 exf4 19. Rd2 Nc5 20. Rhd1 Rxd2 21.
Nfxd2 Re8 22. f3 Bf8 23. b4 Ne6 24. Nb3 f6 25. Rd2 Rd8 26. h3 Be7 27. Kb2 Bf7
28. e5 Rxd2 29. Nbxd2 Nf8 30. a6 b6 31. Bf5 fxe5 32. Nxe5 Bf6 33. Nxf7 Qxf7 34.
Qe4 Kc7 35. b5 Qd5 36. Qxd5 cxd5 37. Kc2 Kd6 38. Nb3 Ne6 39. Bxe6 Kxe6 40. Na5
Kd6 41. Nc6 1-0

[Event "It"]
[Site "Salona"]
[Date "1997.11.10"]
[Round "4"]
[White "Kurajica, Bojan"]
[Black "Zaja, Ivan"]
[Result "1/2-1/2"]
[WhiteElo "2545"]
[BlackElo "2440"]
[PlyCount "84"]
[EventDate "1997.11.??"]

1. d4 Nf6 2. Nf3 c5 3. c3 cxd4 4. cxd4 d5 5. e3 Nc6 6. Nc3 e6 7. Ne5 Qd6 8.
Nxc6 bxc6 9. Na4 e5 10. a3 exd4 11. exd4 Bg4 12. Qc2 Qe6+ 13. Be3 Bf5 14. Bd3
Bxd3 15. Qxd3 Bd6 16. f3 O-O 17. O-O Nd7 18. Rfe1 Qf6 19. Bf2 Bb8 20. Rac1 a5
21. Rc2 Rd8 22. Qc3 Rc8 23. Rce2 Ba7 24. Re7 Nf8 25. Rb7 Ne6 26. Rb6 c5 27.
dxc5 Qxc3 28. bxc3 Nxc5 29. Bxc5 Rxc5 30. Ra6 Rc7+ 31. Kf1 Rb8 32. Rxa5 d4 33.
c4 g6 34. c5 d3 35. Kf2 d2 36. Rd1 Rd8 37. Ke2 Re7+ 38. Kf2 Rd5 39. Kf1 Kg7 40.
Nc3 Rxc5 41. Rxc5 Bxc5 42. Rxd2 Bxa3 1/2-1/2

[Event "It"]
[Site "Salona"]
[Date "1997.11.11"]
[Round "5"]
[White "Ward, Christian"]
[Black "Nataf, Igor-Alexander"]
[Result "1-0"]
[WhiteElo "2485"]
[BlackElo "2440"]
[PlyCount "109"]
[EventDate "1997.11.??"]

1. d4 Nf6 2. c4 g6 3. Nc3 Bg7 4. e4 d6 5. f3 O-O 6. Be3 c5 7. Nge2 Nc6 8. d5
Ne5 9. Ng3 e6 10. Be2 exd5 11. cxd5 a6 12. Qd2 Re8 13. O-O b5 14. b3 Bd7 15. a4
bxa4 16. bxa4 Rb8 17. Bxa6 Nfg4 18. fxg4 Nxg4 19. Nge2 Qb6 20. Bc4 Nxe3 21.
Qxe3 Bd4 22. Nxd4 cxd4 23. a5 Qc5 24. Qf2 dxc3 25. Qxc5 dxc5 26. Rfc1 Rb4 27.
Rxc3 Bb5 28. Bxb5 Rxb5 29. a6 Ra8 30. Kf2 Kg7 31. Ke3 Kf6 32. Rf1+ Ke7 33. Ra3
Ra7 34. e5 Rb4 35. Rf6 Rd4 36. Rd6 Rd1 37. Ra5 Re1+ 38. Kf4 Rf1+ 39. Ke3 Re1+
40. Kf4 Rf1+ 41. Kg3 Re1 42. Rxc5 Rxe5 43. Rb6 Kf8 44. Ra5 Kg7 45. Rb7 Ra8 46.
a7 Rae8 47. h4 Ra8 48. Rb8 Rxa7 49. Rxa7 Rxd5 50. Rb3 g5 51. Rf3 gxh4+ 52. Kxh4
Rd4+ 53. g4 Kg6 54. Rfxf7 h6 55. Rfd7 1-0

[Event "It"]
[Site "Salona"]
[Date "1997.11.11"]
[Round "5"]
[White "Zaja, Ivan"]
[Black "Ljubicic, Filip"]
[Result "1-0"]
[WhiteElo "2440"]
[BlackElo "2395"]
[PlyCount "91"]
[EventDate "1997.11.??"]

1. d4 Nf6 2. c4 e6 3. Nc3 Bb4 4. Nf3 c5 5. e3 O-O 6. Bd3 d5 7. O-O Nc6 8. cxd5
exd5 9. a3 Bxc3 10. bxc3 c4 11. Bc2 Bg4 12. Kh1 Ne4 13. Qe1 Bf5 14. Ra2 Re8 15.
Ng1 Qh4 16. g3 Qf6 17. f3 Nd6 18. g4 Bxc2 19. Rxc2 Qg5 20. Re2 f5 21. gxf5 Qxf5
22. e4 Qh5 23. Qg3 Re6 24. Qh3 Qf7 25. Rg2 Ne7 26. e5 Ndf5 27. Ne2 Ng6 28. Rg5
Rf8 29. a4 h6 30. Rg4 Ra6 31. Rfg1 Nfh4 32. Nf4 Kh7 33. Rxh4 Nxh4 34. Qxh4 Qf5
35. Qg3 Rf7 36. e6 Rc7 37. Ba3 g5 38. Nxd5 Rg7 39. e7 Re6 40. Nc7 Rexe7 41.
Bxe7 Rxe7 42. d5 Re3 43. Ne6 Rxf3 44. Qc7+ Kg6 45. Qg7+ Kh5 46. Qg8 1-0

[Event "It"]
[Site "Salona"]
[Date "1997.11.11"]
[Round "5"]
[White "Nikolac, Jure"]
[Black "Dizdarevic, Emir"]
[Result "0-1"]
[WhiteElo "2470"]
[BlackElo "2555"]
[PlyCount "118"]
[EventDate "1997.11.??"]

1. d4 Nf6 2. c4 e6 3. Nf3 b6 4. Nc3 Bb4 5. Bg5 Bb7 6. e3 Qe7 7. Rc1 h6 8. Bxf6
Qxf6 9. Be2 O-O 10. O-O Qd8 11. Qc2 Re8 12. Nd2 Bf8 13. Bf3 c6 14. g3 d5 15.
Bg2 Nd7 16. Rfd1 Rc8 17. Qb1 Ba6 18. cxd5 cxd5 19. Bf1 Bb7 20. Nf3 a6 21. Ne2
Bd6 22. Rxc8 Qxc8 23. Nf4 Qb8 24. Nd3 Rc8 25. Rc1 Rc4 26. b3 Rc7 27. Qb2 Qc8
28. Rxc7 Qxc7 29. a4 f6 30. Bh3 Nf8 31. Bf1 g5 32. Qd2 a5 33. Nfe1 e5 34. Nc2
e4 35. Nde1 f5 36. Bh3 Bc8 37. Kh1 Kg7 38. Kg1 h5 39. Bf1 h4 40. Ng2 Ng6 41.
Kh1 Be6 42. gxh4 gxh4 43. h3 Qc8 44. Kg1 Bb8 45. Nce1 f4 46. Nxf4 Bxf4 47. exf4
Bxh3 48. f5 Bxf5 49. Qg5 Qf8 50. Ng2 Qf6 51. Qh5 Be6 52. Bb5 h3 53. Ne3 Nf4 54.
Qe8 Qh4 55. Qxe6 Nxe6 56. Nf5+ Kf6 57. Nxh4 Kg5 58. Bc6 Nf4 59. f3 e3 0-1

[Event "It"]
[Site "Salona"]
[Date "1997.11.11"]
[Round "5"]
[White "Cvorovic, Drazen"]
[Black "Kovacevic, Vlatko"]
[Result "*"]
[WhiteElo "2425"]
[BlackElo "2475"]
[PlyCount "123"]
[EventDate "1997.11.??"]

1. c4 e6 2. b3 d5 3. Nf3 a5 4. Bb2 Nf6 5. g3 Nbd7 6. Bg2 a4 7. O-O a3 8. Bc1 c6
9. Nc3 Bb4 10. Qc2 Qa5 11. cxd5 exd5 12. e3 O-O 13. Ne2 Nc5 14. Nf4 h6 15. d4
Na6 16. Ne5 Re8 17. Rb1 Qc7 18. Bd2 Qe7 19. Bxb4 Nxb4 20. Qd2 Bf5 21. Rbc1 Ne4
22. Bxe4 Bxe4 23. f3 Bh7 24. Rfe1 Qd6 25. Re2 Re7 26. Rc5 b6 27. Rc3 c5 28. Kf2
g5 29. Nfd3 Bxd3 30. Nxd3 cxd4 31. exd4 Nxd3+ 32. Qxd3 Rae8 33. Rcc2 Qb4 34.
Rxe7 Rxe7 35. Qc3 Qb5 36. h4 gxh4 37. gxh4 Kg7 38. b4 Qd7 39. Qc8 Qd6 40. Kg2
Qf4 41. Qg4+ Qxg4+ 42. fxg4 Re4 43. Kf3 Rxd4 44. Rc3 h5 45. gxh5 Rxh4 46. Kg3
Rxb4 47. Rxa3 f5 48. Rd3 Rg4+ 49. Kf3 d4 50. Rb3 Kh6 51. Rb5 Kg5 52. h6 Rf4+
53. Kg3 Rg4+ 54. Kf3 Rh4 55. Rxb6 Rh3+ 56. Kg2 Ra3 57. Rd6 Rxa2+ 58. Kg1 Ra7
59. Rxd4 Kxh6 60. Kf2 Kg5 61. Rb4 Ra2+ 62. Kf3 *

[Event "It"]
[Site "Salona"]
[Date "1997.11.12"]
[Round "6"]
[White "Nataf, Igor-Alexander"]
[Black "Kovacevic, Vlatko"]
[Result "0-1"]
[WhiteElo "2440"]
[BlackElo "2475"]
[PlyCount "88"]
[EventDate "1997.11.??"]

1. e4 e6 2. d4 d5 3. Nc3 Nf6 4. Bg5 Be7 5. e5 Nfd7 6. h4 Bxg5 7. hxg5 Qxg5 8.
Qd3 g6 9. Nf3 Qe7 10. Qe3 a6 11. O-O-O Nc6 12. Rh6 Nb6 13. Qg5 Bd7 14. Qf6
O-O-O 15. Ng5 Qxf6 16. exf6 Be8 17. Rxh7 Rxh7 18. Nxh7 Bd7 19. Ne2 Rh8 20. Ng5
Be8 21. Nf4 Nd7 22. Nfxe6 fxe6 23. f7 Bxf7 24. Nxf7 Rf8 25. Ng5 Rxf2 26. Nxe6
Nf6 27. Bd3 Nb4 28. Bxg6 Ne4 29. a3 Nxc2 30. g4 b6 31. Ng5 Nxg5 32. Bxc2 Nf3
33. Rd3 Kd7 34. Bd1 Ng5 35. Re3 Kd6 36. Re8 Ne6 37. Rg8 Nxd4 38. g5 Rg2 39. g6
Ke5 40. b4 Ne6 41. a4 Kd4 42. Kb1 Kc3 43. Bf3 Rb2+ 44. Kc1 Nf4 0-1

[Event "It"]
[Site "Salona"]
[Date "1997.11.12"]
[Round "6"]
[White "Dizdarevic, Emir"]
[Black "Cvorovic, Drazen"]
[Result "1-0"]
[WhiteElo "2555"]
[BlackElo "2425"]
[PlyCount "63"]
[EventDate "1997.11.??"]

1. Nf3 d5 2. e3 Nf6 3. c4 g6 4. b4 Bg7 5. Bb2 e6 6. d4 O-O 7. Nbd2 Nbd7 8. Qc2
Re8 9. Be2 b6 10. O-O Bb7 11. a4 dxc4 12. Nxc4 Ne4 13. Rfd1 f5 14. Nce5 Nxe5
15. Nxe5 Bf8 16. Bb5 Bd6 17. Bxe8 Qxe8 18. b5 Qe7 19. f3 Ng5 20. Nc6 Qf8 21. d5
Re8 22. dxe6 Rxe6 23. Qc4 Kf7 24. h4 Bxc6 25. bxc6 Qh6 26. Rxd6 Nxf3+ 27. gxf3
Qxe3+ 28. Kg2 cxd6 29. c7 Qd2+ 30. Kh3 d5 31. Qb5 Qf4 32. Qd7+ 1-0

[Event "It"]
[Site "Salona"]
[Date "1997.11.12"]
[Round "6"]
[White "Kurajica, Bojan"]
[Black "Nikolac, Jure"]
[Result "1-0"]
[WhiteElo "2545"]
[BlackElo "2470"]
[PlyCount "106"]
[EventDate "1997.11.??"]

1. d4 d5 2. c4 e6 3. e3 Nf6 4. Nf3 c5 5. Nc3 Nc6 6. cxd5 exd5 7. Bb5 Bd6 8. h3
O-O 9. O-O Be6 10. dxc5 Bxc5 11. Bxc6 bxc6 12. b3 Qe7 13. Bb2 Rac8 14. Qd3 Rfe8
15. Rac1 Bd6 16. Rfd1 Red8 17. Qa6 Rc7 18. Na4 Bc8 19. Qd3 Ne4 20. Qd4 f6 21.
Qd3 Bd7 22. Nc3 Nc5 23. Qc2 Be8 24. Nh4 Qe5 25. g3 Qe6 26. Qf5 Qf7 27. Qf3 Ne6
28. Nf5 Bf8 29. h4 Qg6 30. e4 d4 31. Ne2 c5 32. b4 Rb7 33. Ba3 cxb4 34. Bb2 Ba4
35. Rd2 Rbd7 36. Qd3 Qe8 37. Nexd4 Nxd4 38. Nxd4 Kh8 39. Qa6 Re7 40. Re2 Bd7
41. Rce1 Bg4 42. Re3 Qf7 43. Qa5 Rc8 44. Nb3 Rd7 45. e5 Rd5 46. Qa6 fxe5 47.
Bxe5 Rc2 48. Bf4 Bc8 49. Qa4 Rc4 50. Nc1 a5 51. Qb3 Rf5 52. Re8 Ba6 53. Ra8 Bb7
1-0

[Event "It"]
[Site "Salona"]
[Date "1997.11.12"]
[Round "6"]
[White "Ljubicic, Filip"]
[Black "Balinov, Ilija"]
[Result "1/2-1/2"]
[WhiteElo "2395"]
[BlackElo "2560"]
[PlyCount "95"]
[EventDate "1997.11.??"]

1. e4 c5 2. Nf3 d6 3. d4 cxd4 4. Nxd4 Nf6 5. Nc3 a6 6. Bc4 e6 7. O-O Be7 8. Kh1
b5 9. Bb3 O-O 10. f4 b4 11. Nce2 Nxe4 12. f5 d5 13. Bf4 Bd7 14. Be5 Nc6 15.
Nxc6 Bxc6 16. Nd4 Bd7 17. Qh5 Bf6 18. Nf3 Bb5 19. fxe6 fxe6 20. Rfe1 Be8 21.
Bxf6 Rxf6 22. Qe5 Qb6 23. Qd4 Qxd4 24. Nxd4 Bd7 25. a3 bxa3 26. Rxa3 Nc5 27. c3
Rf4 28. Kg1 Rb8 29. Ne2 Rf6 30. Nd4 Rf4 31. Ne2 Rf6 32. Nd4 Nd3 33. Re3 Nxb2
34. h3 h6 35. Ra2 Nc4 36. Bxc4 dxc4 37. Rxa6 Rb2 38. Nxe6 Bxe6 39. Raxe6 Rb1+
40. Kh2 Rxe6 41. Rxe6 Rc1 42. Re3 Rc2 43. Kg3 h5 44. Kf3 h4 45. g4 hxg3 46.
Kxg3 Kh7 47. Kf4 Kh6 48. Ke5 1/2-1/2

[Event "It"]
[Site "Salona"]
[Date "1997.11.13"]
[Round "7"]
[White "Zaja, Ivan"]
[Black "Nataf, Igor-Alexander"]
[Result "0-1"]
[WhiteElo "2440"]
[BlackElo "2440"]
[PlyCount "90"]
[EventDate "1997.11.??"]

1. d4 Nf6 2. Nf3 g6 3. Nc3 d5 4. Bf4 Bg7 5. e3 O-O 6. Be2 c5 7. O-O cxd4 8.
exd4 Nc6 9. Ne5 Qb6 10. Nxc6 Qxc6 11. Bb5 Qb6 12. a4 Nh5 13. Bg5 Qd6 14. Re1
Be6 15. Be2 Nf6 16. Bf3 Rac8 17. Qd2 Rfd8 18. Ra3 a6 19. Bf4 Qc6 20. Be5 Ne8
21. Bxg7 Nxg7 22. Bd1 Qd7 23. Ne2 Rc4 24. Nf4 Rxa4 25. Nxe6 Nxe6 26. Rh3 Rxd4
27. Qh6 Nf8 28. c3 Re4 29. Rf1 Qe6 30. Qd2 Qf6 31. Rd3 e6 32. b3 Nd7 33. f3 Re5
34. Bc2 Rh5 35. f4 Nc5 36. Rd4 e5 37. fxe5 Qxe5 38. g4 Rh3 39. Re1 Qc7 40. Re2
Ne6 41. Rxd5 Rxd5 42. Qxd5 Qb6+ 43. Kf1 Rxc3 44. Rf2 Qc7 45. Qe4 Ng5 0-1